[Event "Krasnodar op"]
[Site "Krasnodar"]
[Date "1997.??.??"]
[Round "?"]
[White "Rashkovsky, Nukhim N"]
[Black "Obukhov, Alexander"]
[Result "0-1"]
[WhiteElo "2525"]
[BlackElo "2415"]

1.d4 Nf6 2.Nf3 e6 3.c4 b6 4.Nc3 Bb4 5.Bg5 Bb7 6.Nd2 h6 7.Bh4 Bxc3 8.bxc3 d6
9.f3 Nbd7 10.e4 Nf8 11.Qa4+ Qd7 12.Qb3 Ng6 13.Bxf6 gxf6 14.Kf2 h5 15.h4 Ne7
16.Bd3 Nc6 17.Qa4 O-O-O 18.Rab1 Kb8 19.Be2 Qe7 20.Nb3 f5 21.c5 Rdg8 22.Bb5 Nd8
23.c6 Bc8 24.Nd2 fxe4 25.Nxe4 d5 26.Nc5 Qd6 27.Nd7+ Bxd7 28.cxd7 Qg3+  0-1

[Event "RUS-Cup6"]
[Site "Krasnodar"]
[Date "1997.??.??"]
[Round "2"]
[White "Gubernatorova, L."]
[Black "Obukhov, Alexander"]
[Result "0-1"]
[WhiteElo "2210"]
[BlackElo "2415"]

1.d4 Nf6 2.c4 e6 3.Nf3 b6 4.Nc3 Bb4 5.Bg5 h6 6.Bh4 g5 7.Bg3 Ne4 8.Qc2 Bb7
9.e3 Bxc3+ 10.bxc3 Nxg3 11.hxg3 d6 12.g4 Nd7 13.Nd2 Qe7 14.Qa4 Kf8 15.f3 Kg7
16.Bd3 c5 17.Nf1 Nf6 18.Ng3 d5 19.cxd5 Nxd5 20.Nh5+ Kf8 21.e4 Nf6 22.Nxf6 Qxf6
23.Qd7 Rb8 24.Ke2 cxd4 25.Qxd4 Kg7 26.Qxf6+ Kxf6 27.a4 Rbc8 28.Ra3 Rc5 29.Rb1 Bc6
30.Bb5 Rc8 31.Bxc6 R8xc6 32.Kd3 Ke5 33.g3 f5 34.Rb4 f4 35.Rb5 fxg3 36.Rxc5+ bxc5
37.Ke3 c4 38.Ra2 Rd6 39.Rb2 Rd3+ 40.Ke2 Kf4 41.Rb7 g2 42.Kf2 Rd2+  0-1

[Event "RUS-Cup6"]
[Site "Krasnodar"]
[Date "1997.??.??"]
[Round "4"]
[White "Zakharevich, Igor"]
[Black "Onoprienko, Vladimir"]
[Result "1/2-1/2"]
[WhiteElo "2505"]
[BlackElo "2295"]

1.d4 Nf6 2.c4 e6 3.Nf3 b6 4.Nc3 Bb7 5.a3 g6 6.d5 Bg7 7.g3 O-O 8.Bg2 exd5
9.cxd5 Re8 10.O-O Na6 11.b4 c5 12.dxc6 dxc6 13.Qb3 Qe7 14.Bf4 c5 15.b5 Nc7
16.Rad1 Rad8 17.Rfe1  1/2-1/2

[Event "IBM op"]
[Site "La Reunion"]
[Date "1997.??.??"]
[Round "8"]
[White "Francoise, A."]
[Black "Menager, Jean Pierre"]
[Result "0-1"]
[WhiteElo "1710"]
[BlackElo "2160"]

1.d4 Nf6 2.Nf3 e6 3.c4 b6 4.Nc3 Bb7 5.Bf4 Bb4 6.e3 Ne4 7.Qc2 O-O 8.Bd3 f5
9.O-O Bxc3 10.bxc3 d6 11.Rab1 Nd7 12.Nd2 Ndf6 13.f3 Nxd2 14.Qxd2 Qe8 15.Bg5 Qg6
16.Bxf6 Rxf6 17.Rbe1 Raf8 18.Qe2 e5 19.e4 f4 20.Kf2 Qh5 21.Rh1 g5 22.Reg1 g4
23.Ke1 Bc8 24.Kd1 Rg6 25.Bc2 Kh8 26.Bb3 Rfg8 27.Qf1 gxf3 28.gxf3 Rxg1 29.Rxg1 Rxg1
30.Qxg1 Qxf3+ 31.Kd2 Bg4 32.Bd1 Qxd1+ 33.Qxd1 Bxd1 34.Kxd1 Kg7 35.Ke2 Kg6
36.Kf3 Kg5  0-1

[Event "Leeuwarden op"]
[Site "Leeuwarden"]
[Date "1997.??.??"]
[Round "9"]
[White "Boersma, Paulus A"]
[Black "Ligterink, Gert"]
[Result "1/2-1/2"]
[WhiteElo "2350"]
[BlackElo "2450"]

1.d4 Nf6 2.Nf3 e6 3.c4 b6 4.Nc3 Bb7 5.a3 d5 6.Bg5 Be7 7.Qa4+ Bc6 8.Qb3 dxc4
9.Qxc4 O-O 10.Rd1 Bb7 11.g3 Nd5 12.Bxe7 Qxe7 13.Bg2 Nxc3 14.Qxc3 Rc8 15.Qd3 g6
16.Qe3 Nd7 17.d5 Re8 18.dxe6 Nc5 19.O-O Nxe6 20.Qh6 c5 21.Rd2 Rad8 22.Rfd1 Rxd2
23.Rxd2 Bxf3 24.Bxf3 Nd4 25.Qf4 Qe5 26.Qxe5 Nxf3+ 27.exf3 Rxe5 28.Kf1 Re7
29.Rd8+ Kg7 30.a4 Kf6 31.a5 bxa5 32.Rc8 Rb7 33.Rxc5 Rxb2 34.Rxa5 Rb7 35.f4 Ke6
36.h4  1/2-1/2

[Event "Lilie op"]
[Site "Litomysl"]
[Date "1997.??.??"]
[Round "1"]
[White "Stocek, Jiri"]
[Black "Elschner, Annegret"]
[Result "1/2-1/2"]
[WhiteElo "2470"]
[BlackElo "2100"]

1.d4 e6 2.Nf3 Nf6 3.c4 b6 4.Nc3 Bb4 5.Bg5 Bb7 6.e3 h6 7.Bh4 O-O 8.Bd3 c5
9.O-O cxd4 10.exd4 Bxc3 11.bxc3 d6 12.Nd2 Nbd7 13.f4 Qc7 14.Qe2 Rac8 15.Rae1 Rfe8
16.Qe3 b5 17.Qh3 bxc4 18.Bxc4 d5 19.Bb5 Qa5 20.Bxd7 Nxd7 21.Re3 Qxa2 22.Nf3 Ba6
23.Rfe1 Qb2 24.Ne5 Nxe5 25.fxe5 Rc7 26.Bf6 Kh7 27.Bxg7 Kxg7 28.Rg3+ Kf8 29.Qxh6+ Ke7
30.Qf6+ Kd7 31.Qxf7+ Kd8 32.Qf6+ Kc8 33.Rg8 Rxg8 34.Qxe6+ Kb7 35.Qxd5+ Kb6
36.Qxg8 Rxc3 37.Qd8+ Kb7 38.Qd5+ Kb6 39.Qd8+ Kb7 40.Qd5+ Kb6 41.Qd6+ Rc6
42.Qd8+ Kb7 43.Qd5 Kb6 44.Qd8+ Kb7 45.h4 Rc1 46.Qe7+ Kb8 47.Qf8+ Kb7 48.Qg7+ Kb8
49.Qf8+ Kb7 50.Rxc1 Qxc1+ 51.Kh2 Qe3 52.Qe7+ Kb6 53.Qd6+ Kb7 54.e6 Qe4 55.Qe7+ Kb8
56.Qf6 Bf1 57.Qf8+ Kc7 58.Qg7+ Kb6 59.e7 Qxh4+ 60.Kg1 Bb5 61.Qe5 Qg4 62.Qxb5+ Kxb5
63.e8=Q+ Kc4 64.Qc6+ Kd3 65.Qb5+ Ke3 66.Qe5+ Qe4 67.g4 a5 68.g5 a4 69.g6 Qxe5
70.dxe5 a3 71.g7 a2 72.g8=Q a1=Q+  1/2-1/2

[Event "SLO-chT"]
[Site "Ljubljana"]
[Date "1997.??.??"]
[Round "?"]
[White "Kozul, Zdenko"]
[Black "Cvitan, Ognjen"]
[Result "1/2-1/2"]
[WhiteElo "2605"]
[BlackElo "2570"]

1.d4 Nf6 2.c4 e6 3.Nf3 b6 4.Nc3 Bb7 5.a3 d5 6.cxd5 Nxd5 7.e3 g6 8.Bb5+ c6
9.Bd3 Bg7 10.Na4 Nd7 11.O-O O-O 12.e4 Ne7 13.Bf4 c5 14.dxc5 Nxc5 15.Nxc5 bxc5
16.Qe2 Nc6  1/2-1/2

[Event "Ljubljana"]
[Site "Ljubljana"]
[Date "1997.??.??"]
[Round "4"]
[White "Atalik, Suat"]
[Black "Farago, Ivan"]
[Result "1-0"]
[WhiteElo "2555"]
[BlackElo "2470"]

1.d4 Nf6 2.c4 e6 3.Nf3 b6 4.Nc3 Bb7 5.e3 d5 6.cxd5 exd5 7.Bb5+ c6 8.Bd3 Be7
9.O-O O-O 10.b3 c5 11.Bb2 Nbd7 12.Rc1 Re8 13.Re1 Bf8 14.Bf5 Ne4 15.dxc5 Nxc3
16.Bxc3 bxc5 17.Qd3 h6 18.Bh7+ Kh8 19.Qb5 Rb8 20.Bf5 Nf6 21.Be5 a6 22.Qa4 Ra8
23.Qf4 Qb6 24.Bc7 Qa7 25.b4 c4 26.a3 Kg8 27.Nd4 Bc8 28.Nc6 Qb7 29.Na5 Qa7
30.Nc6 Qb7 31.Na5 Qa7 32.Bxc8 Raxc8 33.Be5 Ne4 34.Red1 Qa8 35.h4 Re6 36.f3 Rce8
37.fxe4 Rxe5 38.exd5 Rxd5 39.Nxc4 Re4 40.Qc7 Rg4 41.Rxd5 Qxd5 42.g3 Qf3 43.Kh2 Qf2+
44.Kh3 Qf3 45.Nd2 Qe2 46.Rf1 f6 47.Qd7 Rg6 48.Qf5 Rxg3+ 49.Kxg3 Qxd2 50.Qe6+ Kh7
51.Qe4+ Kg8 52.Qd4 Bd6+ 53.Kf3 Qh2 54.Qc4+ Kh7 55.Qe4+ Kh8 56.Rc1 Bc7 57.Qe6 Qg3+
58.Ke2 Qg2+ 59.Kd3 Qg6+ 60.Qe4 f5 61.Qc6 Bd6 62.h5 Qf6 63.Qc8+ Bf8 64.Rc6  1-0

[Event "Ljubljana op"]
[Site "Ljubljana"]
[Date "1997.??.??"]
[Round "6"]
[White "Burmakin, Vladimir"]
[Black "Tukmakov, Vladimir B"]
[Result "1/2-1/2"]
[WhiteElo "2530"]
[BlackElo "2585"]

1.d4 Nf6 2.c4 e6 3.Nf3 b6 4.Nc3 Bb7 5.Bg5 Be7 6.e3 h6 7.Bh4 Ne4 8.Bxe7 Qxe7
9.Qc2 Nxc3 10.Qxc3 O-O 11.Be2 d6 12.O-O c5 13.Rfd1 Nd7 14.dxc5  1/2-1/2

[Event "Ljubljana op"]
[Site "Ljubljana"]
[Date "1997.??.??"]
[Round "8"]
[White "Kogan, Artur"]
[Black "Tukmakov, Vladimir B"]
[Result "0-1"]
[WhiteElo "2515"]
[BlackElo "2585"]

1.d4 Nf6 2.c4 e6 3.Nf3 b6 4.Nc3 Bb7 5.Bg5 Be7 6.Qc2 c5 7.e4 cxd4 8.Nxd4 Nc6
9.Nxc6 Bxc6 10.O-O-O O-O 11.f4 h6 12.h4 Ng4 13.Qe2 h5 14.Bxe7 Qxe7 15.g3 Qc5
16.Rd2 Rac8 17.Bh3 d5 18.cxd5 exd5 19.Bxg4 hxg4 20.exd5 Bxd5 21.Re1 Bxa2
22.Qxg4 Rfe8 23.Rxe8+ Rxe8 24.Qg5 Qc6 25.Rd8 f6 26.Rxe8+ Qxe8 27.Qg4 Qe3+
28.Kc2 Be6 29.Qg6 Bf7 30.Qg4 Kh7 31.h5 Kh6 32.Qc8 Qe8 33.Qh3 Bxh5 34.f5 Qe3
35.Kb1  0-1

[Event "Minsk op"]
[Site "Minsk"]
[Date "1997.??.??"]
[Round "7"]
[White "Zakharevich, Igor"]
[Black "Shipov, Sergei"]
[Result "1/2-1/2"]
[WhiteElo "2505"]
[BlackElo "2540"]

1.d4 Nf6 2.c4 e6 3.Nf3 b6 4.Nc3 Bb7 5.a3 d5 6.Qc2 c5 7.cxd5 cxd4 8.Nxd4 Nxd5
9.Ndb5 Nc6 10.Nxd5 exd5 11.Bf4 Rc8 12.Qd3 f6  1/2-1/2

[Event "Mondariz op"]
[Site "Mondariz"]
[Date "1997.??.??"]
[Round "?"]
[White "Hernandez, Roman"]
[Black "Teijeiro, Barros Alberto"]
[Result "1-0"]
[WhiteElo "2430"]
[BlackElo "2200"]

1.d4 Nf6 2.Nf3 e6 3.c4 b6 4.Nc3 Bb7 5.a3 d5 6.cxd5 Nxd5 7.e3 Be7 8.Bb5+ c6
9.Bd3 O-O 10.e4 Nxc3 11.bxc3 c5 12.O-O cxd4 13.cxd4 Nd7 14.Qe2 Rc8 15.Bb2 Nf6
16.Ne5 b5 17.f4 Qb6 18.Kh1 Rcd8 19.f5 exf5 20.Rxf5 Rxd4 21.Bxd4 Qxd4 22.Rd1 g6
23.Nf3 Qa4 24.Rxb5 Bxe4 25.Bxe4 Qxe4 26.Qb2 Qa4 27.Re1 Bxa3 28.Ra1 Bxb2 29.Rxa4 Bc1
30.Rxa7 Be3 31.Rab7 h6 32.g3 Kg7 33.Re7 Bc1 34.Rb3 Ng8 35.Rc7 Bg5 36.Rcb7 Bf6
37.Ng1 h5 38.h4 Nh6 39.Nh3 Nf5 40.Kg2 Nh6 41.Rb8 Rxb8 42.Rxb8 Nf5 43.Nf4 Be5
44.Rb4 Bd6 45.Ra4 Be5 46.Kf3 Bd6 47.Ra6 Bb8 48.Rb6 Be5 49.Rb7 Kf6 50.Ra7 Bb8
51.Ra6+ Kg7 52.Ra4 Kf6 53.Ra3 Kg7 54.Ke4 Nd6+ 55.Kf3 Nf5 56.Ne2 Bd6 57.Rd3 Bb8
58.Kg2 Be5 59.Kh3 Bb8 60.g4 hxg4+ 61.Kxg4 Nh6+ 62.Kh3 Be5 63.Ng1 Bf4 64.Nf3 Kf6
65.Rd5 Kg7 66.Ra5 Kf6 67.Rb5 Kg7 68.Ng5 Kf6 69.Ne4+ Kg7 70.Rb7 Be5 71.Nc5 Bd6
72.Ne6+ Kf6 73.Ng5 Bf4 74.Rb5 Kg7 75.Kg2 Nf5 76.Kh3 Nh6 77.Rb1 Be5 78.Nf3 Bf4
79.Rb4 Bd6 80.Rd4 Bc7 81.Rd5 Bf4 82.h5 gxh5 83.Rxh5 Kg6 84.Ra5 Kf6 85.Rb5 Kg6
86.Ne5+ Kf6 87.Ng4+ Nxg4 88.Kxg4 Bd2 89.Rb2 Bc3 90.Rb6+  1-0

[Event "Moscow-1"]
[Site "Moscow"]
[Date "1997.??.??"]
[Round "3"]
[White "Rychagov, Andrei"]
[Black "Murzin, Lenar"]
[Result "1-0"]
[WhiteElo "2455"]
[BlackElo "2320"]

1.d4 Nf6 2.c4 e6 3.Nf3 b6 4.Nc3 Bb4 5.e3 Bb7 6.Bd3 Ne4 7.Qc2 f5 8.O-O Bxc3
9.bxc3 O-O 10.Nd2 Qh4 11.f4 Nxd2 12.Bxd2 d6 13.e4 Nd7 14.Rae1 Nf6 15.d5 fxe4
16.Bxe4 Rae8 17.Bf3 exd5 18.Qa4 a5 19.cxd5 Ba6 20.c4 Rxe1 21.Rxe1 Ng4 22.Bxg4 Qxg4
23.Re7 b5 24.Qxa5 Qd1+ 25.Re1 Qa4 26.Qxc7 Qxc4 27.Qxd6 Qd4+ 28.Be3 Qc3 29.Qe6+ Kh8
30.Rc1 Qa3 31.d6 Bb7 32.Rc7 Bd5 33.Qe7 Rg8 34.Bd4  1-0

[Event "JUG-chT"]
[Site "Niksic"]
[Date "1997.??.??"]
[Round "3"]
[White "Ostojic, Nikola"]
[Black "Raicevic, Vladimir"]
[Result "1-0"]
[WhiteElo "2435"]
[BlackElo "2460"]

1.d4 Nf6 2.c4 e6 3.Nf3 b6 4.Nc3 Bb4 5.Bg5 h6 6.Bh4 Bxc3+ 7.bxc3 Bb7 8.Nd2 d6
9.f3 Nbd7 10.e4 e5 11.Bd3 O-O 12.O-O Re8 13.Re1 Nf8 14.Bf1 Ng6 15.Bf2 Nf4
16.g3 Ng6 17.a4 a5 18.Bg2 Bc6 19.Nf1 Kh7 20.Ne3 Ng8 21.Qb3 Rf8 22.Red1 N8e7
23.c5 bxc5 24.dxc5 f5 25.cxd6 cxd6 26.Qa3 fxe4 27.Rxd6 Qc7 28.fxe4 Bxa4 29.Rxg6 Nxg6
30.Qxa4 Qxc3 31.Nf5 Rfb8 32.Rd1 Nf8 33.Be1 Qb3 34.Qa1 Rb5 35.Bf1 Rc5 36.Bf2 Rc3
37.Rb1 Qc2 38.Ne3 Qxe4 39.Bg2 Qxb1+ 40.Qxb1+  1-0

[Event "JUG-chT"]
[Site "Niksic"]
[Date "1997.??.??"]
[Round "4"]
[White "Savic, Miodrag"]
[Black "Ostojic, Nikola"]
[Result "1/2-1/2"]
[WhiteElo "2215"]
[BlackElo "2435"]

1.d4 Nf6 2.c4 e6 3.Nf3 b6 4.Nc3 Bb7 5.a3 d5 6.Bg5 Be7 7.Bxf6 Bxf6 8.cxd5 exd5
9.g3 O-O 10.Bg2 c5 11.O-O Nc6 12.dxc5 Bxc3 13.bxc3 bxc5 14.Qc2 Qf6 15.Rfd1 Rad8
16.Qb3 Ba6 17.Qc2 Rfe8 18.Bf1 Re6 19.Rab1 Bc4 20.Kg2 g6 21.e3 Na5 22.Nd2 Bxf1+
23.Rxf1 Nc6 24.Nf3 Re4 25.Rfc1 Re6 26.Rb7 Re7 27.Rb5 a6 28.Rb6 Re6 29.Rbb1 Na5
30.Nd2 d4 31.cxd4 cxd4 32.exd4 Qxd4 33.Nf3  1/2-1/2

[Event "Nova Gorica op"]
[Site "Nova Gorica"]
[Date "1997.??.??"]
[Round "4"]
[White "Kozul, Zdenko"]
[Black "Gofshtein, Leonid D"]
[Result "1-0"]
[WhiteElo "2590"]
[BlackElo "2530"]

1.d4 Nf6 2.c4 e6 3.Nf3 b6 4.Nc3 Bb7 5.a3 d5 6.cxd5 Nxd5 7.e3 Be7 8.Bb5+ c6
9.Bd3 Nxc3 10.bxc3 c5 11.O-O Nc6 12.Bb2 Rc8 13.Qe2 O-O 14.Rad1 Qc7 15.c4 Na5
16.Ne5 Bd6 17.f4 cxd4 18.exd4 f6 19.Qh5 g5 20.fxg5 fxe5 21.c5 bxc5 22.dxe5 Rxf1+
23.Rxf1 Bf8 24.Bc3 c4 25.Bxa5 Qc5+ 26.Kh1 Bxg2+ 27.Kxg2 Qc6+ 28.Kh3 cxd3
29.Qf7+ Kh8 30.Bd8 Bg7 31.Bf6 Rg8 32.g6 Qc5 33.Rf3 Qg1 34.Bxg7+ Rxg7 35.Qf8+ Rg8
36.Qf6+ Rg7 37.Rg3  1-0

[Event "Nova Gorica op"]
[Site "Nova Gorica"]
[Date "1997.??.??"]
[Round "8"]
[White "Kozul, Zdenko"]
[Black "Grosar, Aljosa"]
[Result "1-0"]
[WhiteElo "2590"]
[BlackElo "2495"]

1.d4 Nf6 2.c4 e6 3.Nf3 b6 4.Nc3 Bb4 5.Qc2 Bb7 6.a3 Bxc3+ 7.Qxc3 Ne4 8.Qc2 O-O
9.e3 f5 10.b3 d6 11.Be2 Nd7 12.O-O Ng5 13.Nxg5 Qxg5 14.d5 Qg6 15.Bb2 a5 16.Rad1 e5
17.f4 exf4 18.exf4 Nc5 19.Rf3 Ne4 20.Bd3 Rf7 21.Bxe4 fxe4 22.Rg3 Qf5 23.Qc3 Qd7
24.Qd4 Re8 25.Re1 Bc8 26.h3 Ree7 27.Rxe4 Rxe4 28.Qxe4 Qe7 29.Qd4 Bd7 30.Kh2 Kf8
31.b4 axb4 32.axb4 Kg8 33.Re3 Qf8 34.Rf3 Qe7 35.g4 h5 36.f5 hxg4 37.hxg4 Qh4+
38.Kg2 Re7 39.Re3 Qg5 40.Rxe7 Qxe7 41.b5 Qg5 42.Kf3 Qh6 43.Kg3 g6 44.Qf4 g5
45.Qd4 Kf8 46.Bc3 Bc8 47.Kf3 Qh1+ 48.Ke2 Qh6 49.Kd1 Bd7 50.Kc2 Bc8 51.Kb3 Bd7
52.Qe4 Qh7 53.Qe3 Qg8 54.Qh3 Ke7 55.Kb4 Kd8 56.Bf6+ Kc8 57.Qh8 Qxh8 58.Bxh8  1-0

[Event "Paris op"]
[Site "Paris"]
[Date "1997.??.??"]
[Round "?"]
[White "Heinis, Vincent"]
[Black "Sellos, Didier"]
[Result "0-1"]
[WhiteElo "2200"]
[BlackElo "2455"]

1.d4 Nf6 2.c4 e6 3.Nf3 b6 4.Nc3 Bb7 5.Bg5 Be7 6.e3 O-O 7.Bd3 c5 8.O-O d6
9.Qe2 Nbd7 10.Rfd1 a6 11.Rac1 Rc8 12.Bb1 Re8 13.e4 cxd4 14.Nxd4 Qc7 15.Qf3 Qb8
16.Qh3 Nf8 17.b3 Ba8 18.a4 Rc5 19.f4 h6 20.b4 hxg5 21.bxc5 gxf4 22.c6 Ng6
23.Nd5 exd5 24.exd5 Ne5 25.Rf1 Qa7 26.Rxf4 g6 27.Kh1 Nh5 28.Rxf7 Kxf7 29.Qe6+ Kg7
30.Bxg6 Nf4 31.Qf5 Nexg6 32.g3 Bf6 33.gxf4 Bxd4 34.Qg4 Re4 35.Qc8 Qe7 36.c7 Re1+  0-1

[Event "World op"]
[Site "Philadelphia"]
[Date "1997.??.??"]
[Round "1"]
[White "Ammann, Philipp"]
[Black "Epishin, Vladimir"]
[Result "0-1"]
[WhiteElo "2230"]
[BlackElo "2570"]

1.d4 Nf6 2.c4 e6 3.Nf3 b6 4.Nc3 Bb7 5.a3 d5 6.cxd5 Nxd5 7.Qc2 Nxc3 8.bxc3 Nd7
9.e4 c5 10.Bd3 Qc7 11.O-O cxd4 12.cxd4 Qxc2 13.Bxc2 Rc8 14.Ba4 a6 15.d5 b5
16.dxe6 fxe6 17.Bb3 Nc5 18.Ba2 Be7 19.Be3 Bxe4 20.Bxc5 Rxc5 21.Nd4 Bf6 22.Nxe6 Rc2
23.Bb1 Rc4 24.Ra2 Bxb1 25.Rxb1 Kf7 26.Re2 Rhc8 27.g3 Rc1+ 28.Rxc1 Rxc1+ 29.Kg2 Rc3  0-1

[Event "ESP-chT"]
[Site "Ponferrada"]
[Date "1997.??.??"]
[Round "2"]
[White "Rojo Huerta, Gabriel"]
[Black "Ramo Frontinan, Cristobal"]
[Result "1/2-1/2"]
[WhiteElo "2355"]
[BlackElo "2385"]

1.d4 Nf6 2.c4 e6 3.Nf3 b6 4.Nc3 Bb4 5.Qb3 a5 6.Bg5 Bb7 7.a3 Bxc3+ 8.Qxc3 d6
9.e3 Nbd7 10.Bd3 Qe7 11.O-O O-O 12.b4 Rfc8 13.Nd2 Qe8 14.Bc2 axb4 15.axb4 Rxa1
16.Rxa1 Ra8 17.Bh4 Qc8 18.f3 c5 19.dxc5 bxc5 20.Rxa8 Qxa8 21.Bxf6 Nxf6 22.bxc5 dxc5
23.Qe5 Qc8 24.Qd6 Qd7 25.Qxd7 Nxd7 26.Ba4 Ne5 27.Bb5 Bc6 28.f4 Bxb5 29.cxb5 Nd7
30.Nc4 Kf8 31.Kf2 Ke7 32.Ke2 Kd8 33.Nd6 f5 34.Kd3 g6 35.Kc4 Kc7 36.Nf7 Kb6
37.Ng5 Nf8 38.h4 h6 39.Nf7 Nd7 40.Nd6 Nf6 41.Nc8+ Kc7 42.Ne7 Kb6 43.Nc8+ Kc7
44.Ne7 Kb6 45.Nc8+  1/2-1/2

[Event "ESP-chT"]
[Site "Ponferrada"]
[Date "1997.??.??"]
[Round "4"]
[White "Rojo Huerta, Gabriel"]
[Black "Garcia Padron, Jose"]
[Result "1/2-1/2"]
[WhiteElo "2355"]
[BlackElo "2440"]

1.d4 Nf6 2.c4 e6 3.Nf3 b6 4.Nc3 Bb7 5.Bg5 h6 6.Bh4 g5 7.Bg3 Nh5 8.Be5 Rg8
9.e3 Nc6 10.d5 Nxe5 11.Nxe5 Nf6 12.dxe6 fxe6 13.Be2 Bd6 14.Bh5+ Kf8 15.Nf7 Qe7
16.Nxh6 Rh8 17.Bf3 Bxf3 18.Qxf3 Kg7 19.Ng4 Nxg4 20.Qxg4 Rh4 21.Qe2 Bxh2 22.O-O-O Rah8
23.Qd3 d6 24.Nb5 a6 25.Nd4 Qf6 26.Nf3 R4h6 27.Rd2 Be5 28.Rhd1 g4 29.Nd4 Bxd4
30.Qxd4 Qxd4 31.Rxd4 Rg6 32.Rf4 e5 33.Rf5 Rh2 34.g3 Rf6 35.Rxf6 Kxf6 36.Rf1 Kf5
37.Kd2 Ke4 38.Ke2 b5 39.Rc1 c5 40.Rd1 Rh6 41.b3 Kf5 42.a4 Ke6 43.axb5 axb5
44.Ra1 Rh8 45.Ra7 Rb8 46.Rg7 bxc4 47.bxc4 Rb2+ 48.Kd3 Rxf2 49.Ke4 Rc2 50.Kd3 Rg2
51.Rxg4 Kf5 52.Rh4 Rxg3 53.Rh5+ Ke6 54.Rh6+ Kd7 55.Rh7+ Kc6 56.Re7 Rg1 57.Kd2 Rh1
58.Kc2 Kb6 59.Kc3 Rc1+ 60.Kd3 Kc6 61.Re6 Kd7 62.Rh6 Ke7 63.Rg6 Rh1 64.Rg7+ Kf6
65.Rd7 Ke6 66.Rg7 Rh4 67.Rg6+ Ke7 68.e4 Rh1 69.Kd2 Ra1 70.Rh6 Kd7 71.Rg6 Kc6
72.Rh6 Rg1 73.Rf6 Kd7 74.Rh6 Rf1 75.Rg6 Ke7 76.Rh6 Rf6 77.Rh7+ Ke6 78.Rg7 Rh6
79.Ke3 Kf6 80.Rd7 Kg5 81.Rg7+ Rg6 82.Rh7 Kg4 83.Rh1 Rf6 84.Rg1+ Kh3 85.Rg7 Kh2
86.Rg8 Rh6 87.Kf2 Kh3 88.Rg1 Rf6+ 89.Ke3 Kh2 90.Rg8 Rf1 91.Ke2 Rc1 92.Rg6 Rxc4
93.Rxd6 Rxe4+ 94.Kf3 Rd4 95.Re6 e4+  1/2-1/2

[Event "POL-ch sf"]
[Site "Poraj "]
[Date "1997.??.??"]
[Round "6"]
[White "Spicak, Krzysztof"]
[Black "Kempa, Stefan"]
[Result "0-1"]
[WhiteElo "2160"]
[BlackElo "2170"]

1.d4 Nf6 2.c4 e6 3.Nf3 b6 4.Nc3 Bb4 5.Qb3 c5 6.d5 d6 7.Bg5 h6 8.Bxf6 Qxf6
9.e4 exd5 10.cxd5 O-O 11.Bd3 Bg4 12.Nd2 Nd7 13.f3 Ne5 14.Be2 Bd7 15.O-O Qf4
16.Rad1 b5 17.g3 Qe3+ 18.Rf2 Bxc3 19.Qxc3 Qxc3 20.bxc3 c4 21.Kg2 Rfb8 22.h3 Rb6
23.f4 Ng6 24.h4 Ra6 25.Ra1 f5 26.Bf3 Re8 27.Bh5 Kh7 28.e5 dxe5 29.Nf3 exf4
30.Nd4 Re3 31.Bxg6+ Rxg6 32.Rxf4 Rgxg3+ 33.Kf2 g5 34.hxg5 hxg5 35.Rf3 Rexf3+
36.Nxf3 f4 37.Re1 Bg4 38.Re7+ Kg6 39.Ne5+ Kf6 40.d6 Be6 41.Nf3 g4 42.Nd4 Re3
43.Nxb5 g3+ 44.Kg1 f3 45.Rxe6+ Rxe6 46.Kf1 f2 47.d7 Re1+  0-1

[Event "Portoroz op"]
[Site "Portoroz"]
[Date "1997.??.??"]
[Round "?"]
[White "Kozul, Zdenko"]
[Black "Grosar, Aljosa"]
[Result "1-0"]
[WhiteElo "2590"]
[BlackElo "2495"]

1.d4 Nf6 2.c4 e6 3.Nf3 b6 4.Nc3 Bb4 5.Qc2 Bb7 6.a3 Bxc3+ 7.Qxc3 d6 8.e3 Nbd7
9.Be2 Ne4 10.Qd3 O-O 11.O-O f5 12.b4 Qf6 13.Bb2 Rae8 14.Qb3 Qg6 15.Qa4 Nd2
16.d5 Nxf1 17.Qxd7 Nxe3 18.fxe3 exd5 19.Bd4 Qf7 20.Qxf7+ Rxf7 21.c5 dxc5
22.bxc5 f4 23.c6 Bc8 24.Ne5 Rff8 25.Bf3 fxe3 26.Bxd5+ Be6 27.Bf3 e2 28.Bc3 Bb3
29.Re1 Rd8 30.Bxe2 Rf4 31.Bf3 a5 32.Nd7 Rf7 33.Bh5 Rf5 34.Re7 Bf7 35.Bg4 Rg5
36.Bf3 Re8 37.Rxe8+ Bxe8 38.Be5 Kf7 39.Bxc7 Ke6 40.Bd8 Rb5 41.Nxb6 h5 42.c7 Rb1+
43.Kf2 Bd7 44.Bd5+ Kd6 45.Nxd7  1-0

[Event "Pula op"]
[Site "Pula"]
[Date "1997.??.??"]
[Round "1"]
[White "De Blecourt, Sandra"]
[Black "Zaja, Ivan"]
[Result "0-1"]
[WhiteElo "2020"]
[BlackElo "2440"]

1.d4 e6 2.Nf3 Nf6 3.c4 b6 4.Nc3 Bb4 5.a3 Bxc3+ 6.bxc3 Ba6 7.e3 Nc6 8.Bd3 Na5
9.Qa4 Qc8 10.O-O c5 11.Nd2 O-O 12.e4 d5 13.e5 Nh5 14.Qc2 f5 15.cxd5 cxd4
16.Bxa6 Qxa6 17.Nf3 dxc3 18.d6 Qc4 19.Qa2 Rac8 20.Bg5 h6 21.Qxc4 Rxc4 22.Be7 Ra8
23.d7 Nc6  0-1

[Event "EU-chT (Men)"]
[Site "Pula"]
[Date "1997.??.??"]
[Round "2"]
[White "Kozul, Zdenko"]
[Black "Stohl, Igor"]
[Result "1-0"]
[WhiteElo "2590"]
[BlackElo "2580"]

1.d4 Nf6 2.Nf3 e6 3.c4 b6 4.Nc3 Bb7 5.e3 d5 6.Bd3 Nbd7 7.O-O Bd6 8.b3 O-O
9.Bb2 a6 10.Qe2 Ne4 11.Rad1 Qe7 12.Qc2 f5 13.Ne2 Rad8 14.Qc1 dxc4 15.bxc4 e5
16.c5 bxc5 17.dxe5 Nxe5 18.Bxe5 Bxe5 19.Bc4+ Kh8 20.Nxe5 Qxe5 21.Nf4 Rd6
22.f3 Nf6 23.h4 Re8 24.Kf2 Qe7 25.Rh1 g6 26.Qc3 Qe5 27.Qxe5 Rxe5 28.Rxd6 cxd6
29.Rb1 d5 30.Be2 Re7 31.Rb6 Ne8 32.Bxa6 Bxa6 33.Rxa6 Nc7 34.Rc6 d4 35.exd4 cxd4
36.Rxg6 Nb5 37.Rb6  1-0

[Event "EU-chT (Men)"]
[Site "Pula"]
[Date "1997.??.??"]
[Round "3"]
[White "Pinter, Jozsef"]
[Black "Sturua, Zurab"]
[Result "1/2-1/2"]
[WhiteElo "2575"]
[BlackElo "2560"]

1.d4 Nf6 2.c4 e6 3.Nf3 b6 4.Nc3 Bb7 5.a3 d5 6.Qc2 dxc4 7.e4 c5 8.d5 exd5
9.exd5 Bd6 10.Bxc4 O-O 11.O-O Nbd7 12.Re1 a6 13.a4 Qc7 14.Bg5 h6 15.Bh4 Rfe8
16.b3 Ng4 17.Bg3 Bxg3 18.hxg3 Ndf6 19.Qd3 Rxe1+ 20.Rxe1 Rd8 21.Qf5 Kf8 22.Rd1 g6
23.Qd3 Qc8 24.Qd2 Ne8 25.Nh2 Kg7 26.Ne4 Ngf6 27.Nxf6 Nxf6 28.Qc3 b5 29.axb5 axb5
30.Bxb5 Bxd5 31.Nf3 Bxf3 32.Rxd8 Qxd8 33.gxf3 Qd6 34.Bc4 Kg8 35.Qa1 Qe7 36.Kg2 Nd7
37.Qa7 Kf8 38.Bb5 Nf6 39.Qb8+ Kg7 40.Bc4 Ne8 41.Qc8 Nc7 42.Qb7 g5 43.Qc6 Ne6
44.Qe4 Qf6 45.Bxe6  1/2-1/2

[Event "EU-chT (Men)"]
[Site "Pula"]
[Date "1997.??.??"]
[Round "8"]
[White "Kozul, Zdenko"]
[Black "Huebner, Robert"]
[Result "1-0"]
[WhiteElo "2590"]
[BlackElo "2600"]

1.d4 Nf6 2.c4 e6 3.Nf3 b6 4.Nc3 Bb7 5.a3 d5 6.cxd5 exd5 7.g3 Be7 8.Qa4+ c6
9.Bg2 O-O 10.O-O Nbd7 11.Bf4 Re8 12.Rad1 Nh5 13.Bc1 Bd6 14.e4 dxe4 15.Ng5 Ndf6
16.Ngxe4 Nd5 17.Rfe1 Be7 18.Nxd5 cxd5 19.Nc3 h6 20.Re5 Nf6 21.Qb3 Bf8 22.Nxd5 Nxd5
23.Bxd5 Bxd5 24.Qxd5 Qxd5 25.Rxd5 Rad8 26.Rxd8 Rxd8 27.Be3 f5 28.Kf1 Kf7
29.Rc1 Ke6 30.Rc7 Rd7 31.d5+ Rxd5 32.Rxa7 b5 33.Ra6+ Kf7 34.Ke2 g5 35.Ra5 Ke6
36.h3 Re5 37.Kf3 Rd5 38.Ra6+ Bd6 39.h4 Rd3 40.hxg5 h5 41.Ke2  1-0

[Event "Texas-ch"]
[Site "San Antonio"]
[Date "1997.??.??"]
[Round "1"]
[White "Shtern, Igor"]
[Black "Campbell, Matthew"]
[Result "1-0"]
[WhiteElo "2411"]
[BlackElo "2179"]

1.d4 Nf6 2.c4 e6 3.Nf3 b6 4.Nc3 Bb7 5.Bg5 h6 6.Bh4 Be7 7.Qc2 d5 8.cxd5 exd5
9.e3 O-O 10.Bd3 Nbd7 11.O-O Ne4 12.Nxd5 Bxh4 13.Bxe4 f5 14.Nf6+ Bxf6 15.Bxb7 Rb8
16.Qxf5 Be7 17.Qd5+ Kh8 18.Bc6 Nf6 19.Qxd8 Rbxd8 20.Ne5 Kh7 21.Rac1 Bd6 22.Nf3 g6
23.g3 Ng8 24.Kg2 Ne7 25.Nd2 Nxc6 26.Rxc6 g5 27.Ne4  1-0

[Event "Seversk"]
[Site "Seversk"]
[Date "1997.??.??"]
[Round "10"]
[White "Peregudov, Nickolai"]
[Black "Belozerov, Andrei"]
[Result "1-0"]
[WhiteElo "2350"]
[BlackElo "2420"]

1.d4 Nf6 2.c4 e6 3.Nf3 b6 4.Nc3 Bb4 5.Qc2 Bb7 6.a3 Bxc3+ 7.Qxc3 d6 8.b4 a5
9.b5 Nbd7 10.e3 O-O 11.Be2 Ne4 12.Qc2 f5 13.O-O Rf6 14.g3 Rh6 15.Ne1 Qg5
16.Ng2 Ndf6 17.d5 exd5 18.cxd5 Nxd5 19.f3 Nxg3 20.e4 f4 21.exd5 Qh5 22.Bxf4 Nxe2+
23.Qxe2 Re8 24.Qd3 Rg6 25.Rad1 Qh3 26.Bg3 Rg5 27.Qc4 h5 28.Rd4 Qf5 29.Qxc7 Bxd5
30.Qxd6 Ba8 31.a4 Kh7 32.Qf4 Qc5 33.Rc1 Qe7 34.Re1  1-0

[Event "RUS-Cup8"]
[Site "Smolensk"]
[Date "1997.??.??"]
[Round "2"]
[White "Burmakin, Vladimir"]
[Black "Vilkov, Vladimir"]
[Result "1-0"]
[WhiteElo "2530"]
[BlackElo "2260"]

1.d4 Nf6 2.c4 e6 3.Nf3 b6 4.Nc3 Bb7 5.a3 d5 6.cxd5 Nxd5 7.e3 Be7 8.Bb5+ c6
9.Bd3 O-O 10.Qc2 h6 11.e4 Nxc3 12.bxc3 c5 13.Be3 Qc8 14.Qd2 Ba6 15.O-O Bxd3
16.Qxd3 Nd7 17.a4 Qc7 18.e5 Rac8 19.Qe4 Qc6 20.Qxc6 Rxc6 21.Rfd1 cxd4 22.Nxd4 Rc7
23.Nb5 Rb7 24.f4 Nc5 25.a5 a6 26.Nd6 Bxd6 27.exd6 Nb3 28.Rab1 bxa5 29.c4 Rfb8
30.d7 Rd8 31.c5 Nxc5 32.Bxc5 Rxb1 33.Rxb1 Rxd7 34.Ra1 Rd5 35.Bb6 g5 36.fxg5 hxg5
37.Bxa5 Rd6 38.Bb4 Rc6 39.Be7 g4 40.Kf2 f5 41.Bf6 Kf7 42.Be5 Kg6 43.Ra5 Kg5
44.Ke3 Rb6 45.g3 Rc6 46.Kd4 Kg6 47.Ra4 Kf7 48.Rc4 Rxc4+ 49.Kxc4 Ke7 50.Kc5 Kd7
51.Bc3 Kc7 52.Kd4  1-0

[Event "Stockholm"]
[Site "Stockholm"]
[Date "1997.??.??"]
[Round "8"]
[White "Hultin, Johan"]
[Black "Agrest, Evgenij"]
[Result "0-1"]
[WhiteElo "2355"]
[BlackElo "2505"]

1.d4 Nf6 2.Nf3 e6 3.c4 b6 4.Nc3 Bb7 5.a3 g6 6.d5 Bg7 7.e4 O-O 8.Be2 d6 9.O-O Nbd7
10.Bg5 h6 11.Bh4 Qe8 12.Nd4 Nc5 13.Re1 e5 14.Bxf6 Bxf6 15.Nf3 Be7 16.b4 Nd7
17.Qd2 Kg7 18.Bd1 Nf6 19.Ba4 Qc8 20.Bc6 Nh5 21.Bxb7 Qxb7 22.Ne2 Rae8 23.Ng3 Nf4
24.a4 Qc8 25.Ra3 f5 26.Qc2 fxe4 27.Qxe4 Rf7 28.Rf1 Ref8 29.Ne1 h5 30.Ne2 Qg4
31.Ng3 h4 32.h3 Qg5 33.Nf3 Qf6 34.Ne2 Qf5 35.Re3 Nxh3+ 36.gxh3 Qxe4 37.Rxe4 Rxf3
38.Kg2 Bg5 39.Ng1 Rb3 40.c5 Rd3 41.cxd6 cxd6 42.Ne2 Rxd5 43.f4 exf4 44.Nxf4 Rd2+
45.Kh1 Kh6 46.Kg1 d5 47.Re2 Rxf4  0-1